书目信息 |
| 题名: |
秋
|
|
| 作者: | 巴金 著 | |
| 分册: | ||
| 出版信息: | 北京 人民文学出版社 1962.02 |
|
| 页数: | 562页 | |
| 开本: | 21cm | |
| 丛书名: | ||
| 单 册: | ||
| 中图分类: | I246.57 | |
| 科图分类: | ||
| 主题词: | 三部曲(作品) , 长篇小说 , 三部曲(作品)--长篇小说--中国--现代 | |
| 电子资源: | ||
| ISBN: | 7-02-005861-2 | |
| 000 | 00722nam0 2200265 450 | |
| 001 | 1237990156 | |
| 005 | 20120110103338.18 | |
| 010 | @a7-02-005861-2@dCNY28.00 | |
| 090 | @aI246.57@bbj | |
| 096 | @aI246.5@bbj | |
| 100 | @a20060124e1962 em y0chiy50 ea | |
| 101 | 0 | @achi |
| 102 | @aCN@b110000 | |
| 105 | @ay z 000ay | |
| 200 | 1 | @a秋@b专著@f巴金著@9qiu |
| 205 | @a2版 | |
| 210 | @a北京@c人民文学出版社@d1962.02@h2006重印 | |
| 215 | @a562页@d21cm | |
| 606 | 0 | @a三部曲(作品) |
| 606 | 0 | @a长篇小说 |
| 606 | 0 | @a三部曲(作品)@x长篇小说@y中国@z现代 |
| 690 | @aI246.57@v4 | |
| 701 | 0 | @a巴金@f(1904~2005)@9ba jin@4著 |
| 801 | 0 | @aCN@b大连网信软件有限公司图书馆·11@c20120110 |
| 905 | @aZUCC@dI246.57@eB0354 | |
| 秋/巴金著.-2版.-北京:人民文学出版社,1962.02(2006重印) |
| 562页;21cm |
| ISBN 7-02-005861-2:CNY28.00 |
| ● |
| 相关链接 |
|
|
|
正题名:秋
索取号:I246.57/B0354
 
预约/预借
| 序号 | 登录号 | 条形码 | 馆藏地/架位号 | 状态 | 备注 |
| 1 | 483259 | 204832592 | 文学库108/108文学库 46排3列5层/ [索取号:I246.57/B0354] | 在馆 | |
| 2 | 483260 | 204832609 | 文学库108/ [索取号:I246.57/B0354] | 在馆 |